Mohenjo daro : El monumento urbano.

Guardado en:
Formato: Deslizar
Series:Patrimonio Mundial
Materias:
Etiquetas: Agregar Etiqueta
Sin Etiquetas, Sea el primero en etiquetar este registro!
LEADER 00920ngm a22002415g 4500
001 CEM.cems021422
008 130507b1992##################0###0#####d
005 20240822205459.0
245 0 0 |a Mohenjo daro :  |b El monumento urbano. 
300 |a 12 
490 0 |a Patrimonio Mundial 
500 |a En soporte VHS, consultar en ventanilla. 
505 0 |a Civilización del Imperio Indo. Construcciones más importantes. Religión. Estatuillas. Sistema de urbanización. Tendido de las obras sanitarias. Distribución de las habitaciones de las casas. 
538 |a Soporte: VHS - Norma: Pal N - Color - Grabación Drd 1992 - Hitachi=4380 
082 7 0 |/ PAT 
653 |a ARQUITECTURA 
653 |a HISTORIA 
653 |a CIVILIZACIONES ANTIGUAS 
653 |a IMPERIO INDO 
653 |a MOHENJO DARO 
653 |a URBANISMO 
653 |a NIVEL SECUNDARIO 
859 |a CEMS  |b BIB. CEMS - Depto. Recursos Didacticos  |h 700  |i PAT  |k DRD  |p 65.12  |t Ej.1